Herr der Ringe Charaktere - Statistiken

Allgemein
  • Dieses Quiz wurde 3.224 mal gespielt
  • Das Durchschnittsergebnis liegt bei 18 aus 22
Antwortstatistiken
Bildquiz Antwort % Korrekt
Gandalf
98%
Legolas
97%
Bilbo
95%
Frodo
95%
Gollum
95%
Sam
94%
Sauron
93%
Pippin
87%
Gimli
86%
Saruman
86%
Aragorn
85%
Boromir
82%
Merry
81%
Elrond
77%
Galadriel
77%
Faramir
76%
Arwen
72%
Grima
62%
Eowyn
55%
Isildur
55%
Balin
54%
Eomer
53%
Keine übereinstimmenden Quizze gefunden
Verteilung der Resultate
Anzahl Personen mit jedem Resultat
Perzentil nach korrekt beantworteten Fragen
Ihre Resultats-Entwicklung
Sie haben dieses Quiz noch nicht gespielt